[Event "Sucre op"]
[Site "Sucre"]
[Date "2022.10.15"]
[Round "5"]
[White "Aguilar, Pedro"]
[Black "Mamani Alvino, Esdras Adrian"]
[Result "1-0"]
[WhiteElo "1853"]
[BlackElo "1280"]
[PlyCount "131"]
[EventDate "2022.10.13"]
[EventType "swiss"]
[EventRounds "7"]
[EventCountry "BOL"]
[SourceTitle "CBM 210 Extra"]
[Source "ChessBase"]
[SourceDate "2022.11.30"]
[SourceVersion "1"]
[SourceVersionDate "2022.11.30"]
[SourceQuality "1"]

1. e4 e5 2. Nf3 Nc6 3. Bb5 a6 4. Ba4 Nf6 5. 0-0 d6 6. d4 b5 7. dxe5 dxe5 8. Qxd8+ Nxd8 9. Bb3 Bd6 10. Bg5 Bb7 11. Bxf6 gxf6 12. Re1 Ne6 13. c3 c5 14. Nbd2 c4 15. Bc2 Nf4 16. Nf1 Rg8 17. Ng3 0-0-0 18. Rad1 Bc5 19. Nh4 Nd3 20. Bxd3 Rxd3 21. b4 Bb6 22. Rxd3 cxd3 23. Nf3 Rd8 24. Nd2 Rd7 25. Nf5 Rc7 26. Rc1 Kd7 27. Kf1 Ke6 28. f3 a5 29. a3 axb4 30. axb4 Rc8 31. c4 bxc4 32. Rxc4 Rxc4 33. Nxc4 Ba6 34. Nfe3 Bxe3 35. Nxe3 d2+ 36. Kf2 Kd6 37. Nd1 Kc6 38. Nc3 Bd3 39. Ke3 Bf1 40. Kf2 Bd3 41. Ke3 Bf1 42. Kxd2 Bxg2 43. Ke3 Bf1 44. Nd5 f5 45. Ne7+ Kb5 46. exf5 Kxb4 47. Ke4 Bg2 48. Nc6+ Kc5 49. Nxe5 Kd6 50. Nxf7+ Ke7 51. Ne5 h5 52. Kf4 Kf6 53. Nd7+ Ke7 54. Nc5 h4 55. Ne4 h3 56. Kg3 Kf7 57. Kg4 Kg7 58. Nd2 Kf6 59. Kf4 Kf7 60. Kg5 Kg7 61. f4 Kf7 62. Nc4 Bf1 63. Ne5+ Ke7 64. f6+ Kf8 65. f7 Ba6 66. Kf6 1-0

[Event "Sucre op"]
[Site "Sucre"]
[Date "2022.10.13"]
[Round "2"]
[White "Ribera, Miguel Angel"]
[Black "Aguilar, Pedro"]
[Result "1-0"]
[WhiteElo "1897"]
[BlackElo "1853"]
[PlyCount "73"]
[EventDate "2022.10.13"]
[EventType "swiss"]
[EventRounds "7"]
[EventCountry "BOL"]
[SourceTitle "CBM 210 Extra"]
[Source "ChessBase"]
[SourceDate "2022.11.30"]
[SourceVersion "1"]
[SourceVersionDate "2022.11.30"]
[SourceQuality "1"]

1. c4 Nf6 2. g3 e5 3. Bg2 Nc6 4. e3 d5 5. cxd5 Nxd5 6. Ne2 Bc5 7. 0-0 0-0 8. a3 Be6 9. b4 Bb6 10. Bb2 a6 11. d4 exd4 12. Nxd4 Nxd4 13. Bxd4 c6 14. Bb2 Qe7 15. e4 Nc7 16. Nc3 Bc4 17. Qg4 f5 18. exf5 Bxf1 19. Bxf1 Nd5 20. Bc4 Rad8 21. Ne4 Kh8 22. Ng5 Nf6 23. Qh4 Rd2 24. Nxh7 Bxf2+ 25. Kf1 Qe4 26. Nxf8+ Qxh4 27. Ng6+ Kh7 28. Nxh4 Rxb2 29. Be2 Bb6 30. Rd1 Nd5 31. Rd3 Kh6 32. Ng2 Rb1+ 33. Rd1 Rb3 34. Rd3 Rb1+ 35. Bd1 Kg5 36. g4 Kh6 37. h4 1-0

[Event "Arica op 5th"]
[Site "Arica"]
[Date "2018.12.13"]
[Round "1"]
[White "Shirov, Alexei"]
[Black "Aguilar, Pedro"]
[Result "1-0"]
[WhiteElo "2643"]
[BlackElo "1977"]
[PlyCount "72"]
[EventDate "2018.12.13"]
[EventType "swiss"]
[EventRounds "10"]
[EventCountry "CHI"]
[SourceTitle "CBM 188 Extra"]
[Source "ChessBase"]
[SourceDate "2019.02.26"]
[SourceVersion "1"]
[SourceVersionDate "2019.02.26"]
[SourceQuality "1"]

1. e4 e5 2. Nf3 Nc6 3. Bb5 a6 4. Ba4 Nf6 5. 0-0 Be7 6. Re1 d6 7. c3 Bg4 8. d4 b5 9. Bc2 0-0 10. d5 Na5 11. Nbd2 c5 12. dxc6 Nxc6 13. Nf1 Re8 14. Ne3 Bc8 15. a4 Rb8 16. axb5 axb5 17. b4 Qc7 18. Qd3 Bf8 19. Bd2 g6 20. Bb3 Be6 21. Bd5 Bxd5 22. Nxd5 Nxd5 23. Qxd5 Red8 24. Bg5 Ne7 25. Qd3 Rd7 26. Ra6 h6 27. Bh4 g5 28. Bg3 f6 29. h4 Rb6 30. Rxb6 Qxb6 31. hxg5 hxg5 32. Rd1 Qc6 33. Nh2 Kf7 34. Ng4 Qc4 35. Qxc4+ bxc4 36. Ne3 d5 1-0

[Event "BOL-ch sf"]
[Site "Sucre"]
[Date "2018.07.08"]
[Round "9"]
[White "Aguilar, Pedro"]
[Black "Titichoca Daza, Daniel Henry"]
[Result "1/2-1/2"]
[WhiteElo "2005"]
[BlackElo "2010"]
[PlyCount "47"]
[EventDate "2018.07.04"]
[EventType "tourn"]
[EventRounds "9"]
[EventCountry "BOL"]
[SourceTitle "EXT 2019"]
[Source "ChessBase"]
[SourceDate "2018.10.10"]
[SourceVersion "1"]
[SourceVersionDate "2018.10.10"]
[SourceQuality "1"]

1. e4 c5 2. c3 d6 3. d4 Qc7 4. Nf3 Nd7 5. Bd3 Ngf6 6. 0-0 g6 7. Re1 e5 8. Bg5 Bg7 9. Na3 a6 10. Nc2 h6 11. Bd2 b5 12. Ne3 c4 13. Bc2 Bb7 14. Nf1 0-0 15. Ng3 Rfe8 16. h4 Nf8 17. h5 Ne6 18. hxg6 fxg6 19. d5 Nf4 20. Qc1 Rf8 21. Bxf4 exf4 22. Ne2 Nh5 23. Ned4 Bc8 24. a4 1/2-1/2

[Event "BOL-ch sf"]
[Site "Sucre"]
[Date "2018.07.06"]
[Round "5"]
[White "Mendoza, Rodrigo"]
[Black "Aguilar, Pedro"]
[Result "1-0"]
[WhiteElo "2163"]
[BlackElo "2005"]
[PlyCount "59"]
[EventDate "2018.07.04"]
[EventType "tourn"]
[EventRounds "9"]
[EventCountry "BOL"]
[SourceTitle "EXT 2019"]
[Source "ChessBase"]
[SourceDate "2018.10.10"]
[SourceVersion "1"]
[SourceVersionDate "2018.10.10"]
[SourceQuality "1"]

1. d4 Nf6 2. c4 e5 3. dxe5 Ng4 4. Nf3 Nc6 5. e3 Ngxe5 6. Nc3 d6 7. Be2 Be6 8. b3 g6 9. Bb2 Bg7 10. 0-0 0-0 11. Nd4 Bc8 12. Qd2 f5 13. Rad1 Rf7 14. c5 d5 15. Nf3 Qe7 16. Nxd5 Qxc5 17. b4 Nxf3+ 18. Bxf3 Qf8 19. Nf4 Kh8 20. Bd5 Re7 21. b5 Bxb2 22. Qxb2+ Ne5 23. Bb3 c6 24. Rd6 Re8 25. Rfd1 g5 26. Nh5 f4 27. Be6 Bxe6 28. Qxe5+ Kg8 29. Qxg5+ Kf7 30. Qxf4+ 1-0

[Event "Antofagasta Zicosur op 2nd"]
[Site "Antofagasta"]
[Date "2016.01.07"]
[Round "4"]
[White "Aguilar, Pedro"]
[Black "Soto Fontecilla, David Alejandro"]
[Result "1-0"]
[WhiteElo "1877"]
[BlackElo "1596"]
[PlyCount "59"]
[EventDate "2016.01.05"]
[EventType "swiss"]
[EventRounds "9"]
[EventCountry "CHI"]
[SourceTitle "CBM 170 Extra"]
[Source "ChessBase"]
[SourceDate "2016.02.25"]
[SourceVersion "1"]
[SourceVersionDate "2016.02.25"]
[SourceQuality "1"]

1. e4 e5 2. Nf3 Nc6 3. Bb5 a6 4. Ba4 Nf6 5. 0-0 Be7 6. Re1 b5 7. Bb3 0-0 8. d3 d6 9. c3 Be6 10. Bc2 Re8 11. d4 Bd7 12. Nbd2 Bf8 13. Nf1 exd4 14. cxd4 Bg4 15. Ng3 Bxf3 16. gxf3 Ne7 17. f4 c5 18. Be3 c4 19. f5 a5 20. Kh1 Qc7 21. Rg1 Qb7 22. Qf3 Rac8 23. Bg5 Nd7 24. f6 Ng6 25. fxg7 Bxg7 26. Nf5 Qb6 27. Rad1 Re6 28. h4 Kh8 29. h5 Ngf8 30. Nxg7 1-0

[Event "Antofagasta Zicosur op 2nd"]
[Site "Antofagasta"]
[Date "2016.01.07"]
[Round "5"]
[White "Vergara Jofre, Felipe Andres"]
[Black "Aguilar, Pedro"]
[Result "1-0"]
[WhiteElo "2114"]
[BlackElo "1877"]
[PlyCount "107"]
[EventDate "2016.01.05"]
[EventType "swiss"]
[EventRounds "9"]
[EventCountry "CHI"]
[SourceTitle "CBM 170 Extra"]
[Source "ChessBase"]
[SourceDate "2016.02.25"]
[SourceVersion "1"]
[SourceVersionDate "2016.02.25"]
[SourceQuality "1"]

1. e4 e5 2. Nf3 Nc6 3. Bc4 Bc5 4. c3 Nf6 5. d3 Qe7 6. h3 0-0 7. Bb3 d6 8. 0-0 Bb6 9. Re1 Be6 10. Bc2 Rad8 11. Nbd2 h6 12. Nf1 Kh7 13. g4 g5 14. Ng3 Rg8 15. d4 Bc8 16. Kg2 Ne8 17. Rh1 f6 18. d5 Nb8 19. Nf5 Bxf5 20. exf5 Kg7 21. h4 Rh8 22. hxg5 hxg5 23. Rxh8 Kxh8 24. Qh1+ Qh7 25. Qxh7+ Kxh7 26. Nxg5+ fxg5 27. Bxg5 c6 28. Bxd8 Bxd8 29. f6+ Kg8 30. g5 cxd5 31. Rh1 Bxf6 32. gxf6 Nxf6 33. Bb3 Kg7 34. Rd1 Kf7 35. Bxd5+ Nxd5 36. Rxd5 Ke6 37. Rb5 b6 38. f4 exf4 39. Kf3 Kd7 40. Kxf4 Kc6 41. Rh5 Nd7 42. b4 a6 43. a4 Nf6 44. b5+ axb5 45. axb5+ Kd7 46. Rf5 Ng8 47. Rf7+ Ne7 48. Ke4 Ke6 49. Rxe7+ Kxe7 50. Kd5 Kd7 51. c4 Kc7 52. Ke6 d5 53. cxd5 Kd8 54. Kd6 1-0

[Event "Cochabamba op 1st"]
[Site "Cochabamba"]
[Date "2015.01.30"]
[Round "4"]
[White "Arteaga, Hugo"]
[Black "Aguilar, Pedro"]
[Result "0-1"]
[WhiteElo "1622"]
[BlackElo "1930"]
[PlyCount "64"]
[EventDate "2015.01.29"]
[EventType "swiss"]
[EventRounds "7"]
[EventCountry "BOL"]
[SourceTitle "CBM 164 Extra"]
[Source "ChessBase"]
[SourceDate "2015.03.02"]
[SourceVersion "1"]
[SourceVersionDate "2015.03.02"]
[SourceQuality "1"]

1. e4 e5 2. Nf3 Nc6 3. Bc4 Bc5 4. b4 Bxb4 5. c3 Ba5 6. 0-0 Nf6 7. d4 0-0 8. Bg5 d6 9. d5 Nb8 10. Qd3 Bg4 11. Nbd2 Nbd7 12. Nb3 Bb6 13. a4 a5 14. Rac1 h6 15. Bh4 Bh5 16. Kh1 g5 17. Bg3 Bg6 18. Nfd2 Nh5 19. Bb5 f5 20. Bxd7 Qxd7 21. exf5 Bxf5 22. Qe2 Nxg3+ 23. fxg3 Qxa4 24. Qh5 Kg7 25. Qe2 Qd7 26. c4 a4 27. c5 Ba5 28. Nxa5 Rxa5 29. cxd6 cxd6 30. Nc4 Ra6 31. Qe3 b5 32. Nxe5 Qe7 0-1

[Event "Antofagasta Zicosur op 1st"]
[Site "Antofagasta"]
[Date "2015.01.08"]
[Round "6"]
[White "Aguirre Contreras, Cristian Rodrigo"]
[Black "Aguilar, Pedro"]
[Result "1-0"]
[WhiteElo "2222"]
[BlackElo "1930"]
[PlyCount "113"]
[EventDate "2015.01.05"]
[EventType "swiss"]
[EventRounds "10"]
[EventCountry "CHI"]
[SourceTitle "CBM 164 Extra"]
[Source "ChessBase"]
[SourceDate "2015.03.02"]
[SourceVersion "1"]
[SourceVersionDate "2015.03.02"]
[SourceQuality "1"]

1. e4 e5 2. Nf3 Nc6 3. Bc4 Bc5 4. c3 Nf6 5. d4 exd4 6. cxd4 Bb4+ 7. Nc3 Nxe4 8. 0-0 Bxc3 9. d5 Bf6 10. Re1 0-0 11. Rxe4 Na5 12. Bd3 d6 13. g4 Re8 14. g5 Rxe4 15. Bxe4 Be5 16. Qd3 b6 17. Bxh7+ Kf8 18. Nxe5 dxe5 19. Bd2 Nb7 20. Bb4+ Nc5 21. Qe3 Bb7 22. Rd1 Qd6 23. Be4 a5 24. Ba3 Rd8 25. Rc1 Kg8 26. Bxc5 bxc5 27. Rxc5 Qb6 28. Kg2 Rd6 29. Qc3 f5 30. gxf6 Rxf6 31. Qc2 Ba6 32. Rc6 Qb5 33. Rxf6 Qf1+ 34. Kg3 gxf6 35. Bg2 Qd3+ 36. Qxd3 Bxd3 37. h4 Kg7 38. Bf3 Kg6 39. a3 f5 40. b4 axb4 41. axb4 Bc4 42. d6 cxd6 43. Bc6 d5 44. b5 d4 45. b6 Ba6 46. b7 Bxb7 47. Bxb7 e4 48. Ba6 e3 49. f4 Kh6 50. Bb5 Kh5 51. Be2+ Kg6 52. Bd3 Kf6 53. h5 Ke6 54. h6 Kf6 55. h7 Kg7 56. Bxf5 d3 57. Bxd3 1-0

[Event "La Paz op 2nd"]
[Site "La Paz"]
[Date "2014.11.14"]
[Round "4"]
[White "Sanchez C, Jorge"]
[Black "Aguilar, Pedro"]
[Result "1-0"]
[WhiteElo "2122"]
[BlackElo "1940"]
[PlyCount "57"]
[EventDate "2014.11.13"]
[EventType "swiss"]
[EventRounds "7"]
[EventCountry "BOL"]
[SourceTitle "CBM 163 Extra"]
[Source "ChessBase"]
[SourceDate "2014.12.23"]
[SourceVersion "1"]
[SourceVersionDate "2014.12.23"]
[SourceQuality "1"]

1. e4 e5 2. Nf3 Nc6 3. Bc4 Bc5 4. b4 Bxb4 5. c3 Bd6 6. 0-0 Na5 7. Be2 Ne7 8. d4 f6 9. Qa4 c6 10. dxe5 fxe5 11. Rd1 b5 12. Qc2 Bb8 13. a4 Ba6 14. axb5 cxb5 15. Qa2 Nec6 16. Ba3 Qf6 17. Bb4 Bc7 18. Qd5 Qe6 19. Qxe6+ dxe6 20. Ng5 Bb6 21. Nxe6 Kf7 22. Rd6 Bc8 23. Ng5+ Kg8 24. Bxb5 Nxb4 25. cxb4 Nb7 26. Rxb6 h6 27. Bc4+ Kf8 28. Nf7 Rh7 29. Nxe5 1-0

[Event "BOL-ch"]
[Site "Santa Cruz de la Sierra"]
[Date "2014.05.10"]
[Round "7"]
[White "Gemy Vargas, Jose Daniel"]
[Black "Aguilar, Pedro"]
[Result "1-0"]
[WhiteElo "2339"]
[BlackElo "1975"]
[PlyCount "61"]
[EventDate "2014.05.07"]
[EventType "swiss"]
[EventRounds "9"]
[EventCountry "BOL"]
[SourceTitle "CBM 160 Extra"]
[Source "ChessBase"]
[SourceDate "2014.07.01"]
[SourceVersion "1"]
[SourceVersionDate "2014.07.01"]
[SourceQuality "1"]

1. d4 Nf6 2. Nf3 e6 3. c4 Be7 4. Nc3 0-0 5. e4 d6 6. h3 Nbd7 7. Be3 e5 8. d5 Ne8 9. g4 g6 10. Bh6 Ng7 11. Bd3 Nc5 12. Bc2 a5 13. b3 b6 14. Qd2 Bd7 15. 0-0-0 f6 16. Rdg1 Qc8 17. Rg3 Rf7 18. Rhg1 Kh8 19. Ne1 Rf8 20. f4 Kg8 21. Nf3 Kh8 22. h4 c6 23. f5 b5 24. g5 a4 25. fxg6 f5 26. dxc6 Nxb3+ 27. axb3 Bxc6 28. exf5 axb3 29. f6 Ra1+ 30. Kb2 Ra2+ 31. Nxa2 1-0

[Event "BOL-ch"]
[Site "Santa Cruz de la Sierra"]
[Date "2014.05.09"]
[Round "6"]
[White "Aguilar, Pedro"]
[Black "Caceres, Diego"]
[Result "0-1"]
[WhiteElo "1975"]
[BlackElo "2113"]
[PlyCount "40"]
[EventDate "2014.05.07"]
[EventType "swiss"]
[EventRounds "9"]
[EventCountry "BOL"]
[SourceTitle "CBM 160 Extra"]
[Source "ChessBase"]
[SourceDate "2014.07.01"]
[SourceVersion "1"]
[SourceVersionDate "2014.07.01"]
[SourceQuality "1"]

1. c4 e5 2. Nc3 Bb4 3. Qc2 Nf6 4. Nf3 Nc6 5. e3 0-0 6. Nd5 Bc5 7. Qf5 Nxd5 8. cxd5 d6 9. Qb1 Nb4 10. Bc4 c6 11. dxc6 Nxc6 12. e4 Bg4 13. Be2 d5 14. 0-0 f5 15. Qc2 fxe4 16. Qxc5 exf3 17. Bc4 Be6 18. Bb3 fxg2 19. Re1 Nd4 20. Bd1 Qh4 0-1

[Event "American Continental 09th"]
[Site "Cochabamba"]
[Date "2013.05.14"]
[Round "10"]
[White "Aguilar, Pedro"]
[Black "Monroy Garzon, Nataly Alejandra"]
[Result "1/2-1/2"]
[WhiteElo "1987"]
[BlackElo "1791"]
[PlyCount "45"]
[EventDate "2013.05.07"]
[EventType "swiss"]
[EventRounds "11"]
[EventCountry "BOL"]
[SourceTitle "CBM 154 Extra"]
[Source "ChessBase"]
[SourceDate "2013.06.25"]
[SourceVersion "2"]
[SourceVersionDate "2013.06.25"]
[SourceQuality "1"]

1. e4 Nf6 2. Nc3 d5 3. e5 d4 4. exf6 dxc3 5. fxg7 cxd2+ 6. Bxd2 Bxg7 7. c3 Nc6 8. Qc2 Qd6 9. 0-0-0 Qg6 10. Qxg6 hxg6 11. Nf3 Be6 12. Kb1 Bf5+ 13. Kc1 0-0 14. Be2 Ne5 15. Nxe5 Bxe5 16. h3 Be6 17. a3 Rfd8 18. Be3 Bf6 19. Rxd8+ Rxd8 20. Rd1 Rxd1+ 21. Kxd1 Kg7 22. Kd2 Bd5 23. f3 1/2-1/2

[Event "American Continental 09th"]
[Site "Cochabamba"]
[Date "2013.05.12"]
[Round "8"]
[White "Aguilar, Pedro"]
[Black "Herrera, Fernando"]
[Result "1/2-1/2"]
[WhiteElo "1987"]
[BlackElo "2086"]
[PlyCount "45"]
[EventDate "2013.05.07"]
[EventType "swiss"]
[EventRounds "11"]
[EventCountry "BOL"]
[SourceTitle "CBM 154 Extra"]
[Source "ChessBase"]
[SourceDate "2013.06.25"]
[SourceVersion "2"]
[SourceVersionDate "2013.06.25"]
[SourceQuality "1"]

1. c4 e5 2. g3 Nf6 3. Bg2 Bc5 4. Nc3 0-0 5. d3 Nc6 6. Nf3 d6 7. 0-0 a6 8. a3 Bg4 9. h3 Bd7 10. b4 Ba7 11. e3 Re8 12. Qc2 Ne7 13. Bb2 c6 14. Ne2 Ng6 15. e4 c5 16. Bc3 Nf8 17. Rab1 Ne6 18. Kh2 Qc7 19. Nd2 Nd4 20. Bxd4 cxd4 21. f4 Rac8 22. Rfc1 a5 23. Qb2 1/2-1/2

[Event "American Continental 09th"]
[Site "Cochabamba"]
[Date "2013.05.11"]
[Round "6"]
[White "Aguilar, Pedro"]
[Black "Ferrufino, Boris"]
[Result "1-0"]
[WhiteElo "1987"]
[BlackElo "2211"]
[PlyCount "77"]
[EventDate "2013.05.07"]
[EventType "swiss"]
[EventRounds "11"]
[EventCountry "BOL"]
[SourceTitle "CBM 154 Extra"]
[Source "ChessBase"]
[SourceDate "2013.06.25"]
[SourceVersion "2"]
[SourceVersionDate "2013.06.25"]
[SourceQuality "1"]

1. c4 Nf6 2. g3 e6 3. Bg2 Be7 4. Nc3 0-0 5. Nf3 b6 6. 0-0 Bb7 7. d3 d6 8. b3 Nbd7 9. Bb2 e5 10. Re1 Re8 11. Nxe5 Bxg2 12. Nxd7 Bb7 13. Nxf6+ Bxf6 14. e4 Bd4 15. Qc2 f5 16. Nd5 Bxb2 17. Qxb2 c6 18. Nc3 Qf6 19. Nd1 Qg6 20. f3 Re6 21. Nf2 Rae8 22. Qd2 d5 23. exf5 Qxf5 24. Rxe6 Rxe6 25. Kg2 c5 26. cxd5 Bxd5 27. Ne4 Rh6 28. g4 Rxh2+ 29. Kxh2 Qe5+ 30. Kg2 Qxa1 31. Qg5 Bxe4 32. Qd8+ Kf7 33. Qd7+ Kg6 34. dxe4 Qb2+ 35. Kh3 Qf6 36. Kg2 a6 37. Kg3 h6 38. Qd5 Qd4 39. Qf5# 1-0